Das Landesarchivgesetz und die Kommunen - eine unendliche Geschichte
| Titel: | Das Landesarchivgesetz und die Kommunen - eine unendliche Geschichte |
|---|---|
| Verfasser: | |
| In: |
Verband Schleswig-Holsteinischer Kommunalarchivarinnen und -Archivare: Mitteilungen, (2000), Seite 8-9 alle Artikel anzeigen |
| Veröffentlicht: | 2000 |
| Format: | Aufsatz |
X
alg: 44191129 001A $03036:30-01-19 001B $01999:30-01-19 $t22:56:05.000 001D $03036:30-01-19 001U $0utf8 001X $00 002@ $0Aox 003@ $0441911293 007A $0441911293 $aHEB 007T $0ArchMa03055 011@ $a2000 021A $aDas @Landesarchivgesetz und die Kommunen - eine unendliche Geschichte 028A $aBriel $dJutta 031A $h8-9 $j2000 039B $aIn $8--Abvc--Verband Schleswig-Holsteinischer Kommunalarchivarinnen und -Archivare [Tb1]. Mitteilungen. - Kiel : VKA, 2000-2011 $x200000000000000992 $9094034893 lok: 44191129 105 exp: 44191129 105 1 #EPN 201B/01 $030-01-19 $t13:28:58.000 201C/01 $030-01-19 201U/01 $0utf8 203@/01 $0104226659X 208@/01 $a13-12-18 $be 209A/01 $a/ $f106 $x00 245Z/01 $a2.15.02. $bArchivwissenschaft und Archivtheorie / Archivbereiche / Kommunale Archive $x01 245Z/01 $a3.17.01. $bArchivwesen des Bundes- und der deutschen Bundesländer / Schleswig-Holstein / Allgemeines $x02 247C/01 $8->Marburg, Bibliographie zum Archivwesen der Archivschule Marburg $939588196X
| LEADER | 00000caa a22000002c 4500 | ||
|---|---|---|---|
| 001 | 441911293 | ||
| 003 | DE-603 | ||
| 005 | 20190130225605.0 | ||
| 007 | tu | ||
| 008 | 190130s2000 xx |||| | u00||u|und c | ||
| 035 | |a (DE-599)HEB441911293 | ||
| 040 | |a DE-603 |b ger |c DE-603 |d DE-603 | ||
| 100 | 1 | |a Briel, Jutta | |
| 245 | 0 | 0 | |a Das Landesarchivgesetz und die Kommunen - eine unendliche Geschichte |
| 264 | 0 | |c 2000 | |
| 773 | 0 | 8 | |i In |a Verband Schleswig-Holsteinischer Kommunalarchivarinnen und -Archivare |t Mitteilungen |d Kiel : VKA, 2000-2011 |g (2000), Seite 8-9 |w (DE-603)094034893 |w (DE-600)2026933-X |
| 924 | 0 | |9 - |a (DE-603)104226659X |b DE- |c HES |d d |g / | |